Lập trình hợp ngữ Assembly và máy vi tính IBM-PC /
Cuốn sách này giúp cho bạn đọc, nắm được các lập trình hợp ngữ (Assembly) và máy vi tính IBM-PC.
保存先:
| 第一著者: | |
|---|---|
| その他の著者: | , , , |
| フォーマット: | 図書 |
| 言語: | Vietnamese |
| 出版事項: |
Hà Nội :
Giáo dục,
1998.
|
| 主題: | |
| タグ: |
タグ追加
タグなし, このレコードへの初めてのタグを付けませんか!
|
| Thư viện lưu trữ: | Mạng thư viện Đại học Đà Nẵng |
|---|
| LEADER | 01319cam a2200421 i 4500 | ||
|---|---|---|---|
| 001 | 000042906 | ||
| 003 | 781 | ||
| 005 | 20030916091546.0 | ||
| 008 | 010217b1998 vm 000 vie | ||
| 022 | |a T | ||
| 040 | |a IRC |c IRC |d IRC | ||
| 041 | 1 | |a vie | |
| 082 | 1 | 4 | |a 005.265 |b YU-Y |
| 100 | 1 | |a Yu, Ytha. | |
| 245 | 0 | 0 | |a Lập trình hợp ngữ Assembly và máy vi tính IBM-PC / |c Ytha Yu, Charles Marut ; Quách Tuấn Ngọc, Đỗ Tiến Dũng, Nguyễn Quang Khải dịch. |
| 260 | |a Hà Nội : |b Giáo dục, |c 1998. | ||
| 300 | |a 684tr. ; |c 25,5cm. | ||
| 520 | 3 | |a Cuốn sách này giúp cho bạn đọc, nắm được các lập trình hợp ngữ (Assembly) và máy vi tính IBM-PC. | |
| 630 | 0 | 4 | |a Lập trình. |
| 630 | 0 | 4 | |a Assembly. |
| 630 | 0 | 4 | |a Computer. |
| 630 | 0 | 4 | |a Máy vi tính. |
| 650 | 0 | 4 | |a Assembly (Ngôn ngữ lập trình máy tính) |
| 650 | 0 | 4 | |a IBM-PC (Máy tính) |
| 700 | 1 | |a Marut, Charles. | |
| 700 | 1 | |a Quách Tuấn Ngọc, |e dịch. | |
| 700 | 1 | |a Đỗ Tiến Dũng, |e dịch. | |
| 700 | 1 | |a Nguyễn Quang Khải, |e dịch. | |
| OWN | |a DUT | ||
| 999 | |a From the UDN01 | ||
| TYP | |a Monograph | ||
| TYP | |a Printed language | ||
| 980 | |a Mạng thư viện Đại học Đà Nẵng | ||